| 000 | 02645cam a2200469 i 4500 | ||
|---|---|---|---|
| 003 | KPN | ||
| 005 | 20260402120135.0 | ||
| 008 | 20260402b 00| 0 eng d | ||
| 020 |
_a9781542005234 _qpaperback _cRM100.04 |
||
| 040 | _cKPN | ||
| 082 | 0 | 4 |
_223 _a364.152 OLS 2019 |
| 100 | 1 |
_aOlsen, Gregg, _eauthor. |
|
| 245 | 1 | 0 |
_aIf you tell : _ba true story of murder, family secrets, and the unbreakable bond of sisterhood / _cGregg Olsen. |
| 250 | _aFirst edition. | ||
| 264 | 1 |
_aSeattle, Washington : _bThomas & Mercer, _c2019 |
|
| 300 |
_a405 pages ; _c22 cm |
||
| 520 |
_a"After more than a decade, when sisters Nikki, Sami, and Tori Knotek hear the word mom, it claws like an eagle's talons, triggering memories that have been their secret since childhood. Until now. For years, behind the closed doors of their farmhouse in Raymond, Washington, their sadistic mother, Shelly, subjected her girls to unimaginable abuse, degradation, torture, and psychic terrors. Through it all, Nikki, Sami, and Tori developed a defiant bond that made them far less vulnerable than Shelly imagined. Even as others were drawn into their mother's dark and perverse web, the sisters found the strength and courage to escape an escalating nightmare that culminated in multiple murders. Harrowing and heartrending, If You Tell is a survivor's story of absolute evil--and the freedom and justice that Nikki, Sami, and Tori risked their lives to fight for. Sisters forever, victims no more, they found a light in the darkness that made them the resilient women they are today--loving, loved, and moving on." -- _cpublisher's description. |
||
| 600 | 1 | 7 |
_aKnotek, Michelle, _d1954- _2caae |
| 650 | 0 |
_aSisters _zWashington (State) _zRaymond _vCase studies. |
|
| 650 | 0 |
_aChild abuse _zWashington (State) _zRaymond _vCase studies. |
|
| 650 | 0 |
_aMurder _zWashington (State) _zRaymond _vCase studies. |
|
| 650 | 0 |
_aPsychological abuse _zWashington (State) _zRaymond _vCase studies. |
|
| 650 | 1 |
_aPsychological abuse _zWashington (State) _zRaymond _vCase studies. |
|
| 650 | 1 | _aPsychological abuse. | |
| 650 | 2 | _aChild Abuse. | |
| 650 | 1 | 2 | _aHomicide. |
| 650 | 7 | _aTRUE CRIME / Murder / Serial Killers. | |
| 650 | 7 | _aChild abuse. | |
| 650 | 7 | _aMurder. | |
| 650 | 7 | _aPsychological abuse. | |
| 650 | 7 | _aSisters. | |
| 650 | 7 | _aHomicide. | |
| 650 | 7 | _aVictims of domestic violence. | |
| 650 | 7 | _aChild abuse. | |
| 651 | 7 |
_aWashington (State) _zRaymond. |
|
| 655 | 7 | _aCase studies. | |
| 655 | 7 | _aTrue crime stories. | |
| 655 | 7 | _aTrue crime stories. | |
| 655 | 7 | _aCase studies. | |
| 700 | 1 |
_aRamsland, Katherine M., _d1953- _ewriter of afterword. |
|
| 942 |
_2ddc _c1 _n0 |
||
| 999 |
_c1769 _d1769 |
||